000 00502nam a2200181Ia 4500
001 22734
005 20260414150850.0
008 260414t2012||||xx |||||||||||||| ||spa||
041 _aESP
082 _a621.395
_bA19
100 _aAcha Alegre, Santiago
_eAUT
245 0 _aElectrónica digital. Introducción a la lógica digital :
_bteoría, problemas y simulación
260 _c2012
300 _axxxviii, 568 páginas :
_c24 cm.
650 _aTCA
654 _aCET
942 _cLIB
_dJUS
_fJUS
_2ddc
_n
999 _c22734
_d22734